US Cities with the Highest Mexican Immigrant Population - Statistics

General Stats
  • This quiz has been taken 117 times
  • The average score is 9 of 10
Answer Stats
Population State Metro Area % Correct
628,000 Illinois Chicago
100%
1,642,000 California Los Angeles
100%
616,000 Texas Dallas
99%
615,000 Texas Houston
99%
339,000 California San Diego
97%
303,000 New York New York City
96%
343,000 Arizona Phoenix
94%
236,000 California San Francisco
93%
556,000 California Riverside
53%
215,000 Texas McAllen
39%
No matching quizzes found
Score Distribution
Percent of People with Each Score
Percentile by Number Answered
Your Score History
You have not taken this quiz